01013pam a2200373 a 450000100090000000300090000900500170001800700090003500800430004401000060008702000150009304000220010804100130013004200060014305000090014908200090015810000280016724500710019524600090026626000380027530000270031352000060034065000090034665000090035565000090036470000220037385600090039585600090040494200120041394500270042595201400045295600320059299900150062411266340DO-SdBNP20180222124028.011266340941104s 1996 xxu a j 000 1 eng  a  a0590947257 aBPMSUcspadBPMSU aspadeng a 00a b 00a 2 1 aDanziger, Paula,d1944-10a Forever Amber Brown /cPaula Danziger ; illustrated by Tony Ross. a b  aNew York :bPutnam's Sons,c1996. a101 p. :bil ;c23 cm. a  a x  a x  a x 12aRoss, Tony,eil. 423 u 423 u  2ddccBK aInventariado, 2018 /LP 00102ddc40708CI-GaBPMETbBPMETd2018-02-22eFundación Educativa y Cultural (FUNDI)l0pBPMSU18020246r2018-02-22w2018-02-22yBK aVMATEOb10c20160330hBPMSU c9450d9450